[Event "XXX Festival A"]
[Site "Arco ITA"]
[Date "2008.10.19"]
[Round "2"]
[White "Spornberger, Maximilian"]
[Black "Grant, Jonathan I.M."]
[Result "1/2-1/2"]
[WhiteElo "2023"]
[BlackElo "2246"]
[PlyCount "138"]
[EventDate "2008.10.18"]

1. d4 Nf6 2. Bf4 b6 3. e3 Bb7 4. Nf3 e6 5. Nbd2 Be7 6. Bd3 Nh5 7. Bg3 d6 8. c3
Nd7 9. a4 a6 10. Qe2 c5 11. O-O Nxg3 12. hxg3 O-O 13. Rfe1 g6 14. Rad1 Qc7 15.
e4 Bf6 16. e5 Bg7 17. exd6 Qxd6 18. dxc5 Nxc5 19. Ne4 Qc6 20. Nxc5 bxc5 21. Be4
Qxe4 22. Qxe4 Bxe4 23. Rxe4 Rfd8 24. Rxd8+ Rxd8 25. Kf1 h6 26. Ke1 Kf8 27. Re2
Ke7 28. Rd2 Rd5 29. Kd1 Kd6 30. Kc2 c4 31. b3 cxb3+ 32. Kxb3 Kc5 33. Rxd5+ exd5
34. Ne1 a5 35. Nd3+ Kd6 36. Kc2 Bf6 37. f3 Bd8 38. g4 Bb6 39. Kd2 Ke6 40. Nf4+
Ke5 41. Nd3+ Kd6 42. Ke2 Bc7 43. Ke3 g5 44. Kd2 Ke6 45. Ke3 Bb6+ 46. Ke2 f6 47.
Kf1 Kf7 48. Ke2 Kg6 49. Nb2 h5 50. Nd1 hxg4 51. fxg4 Kf7 52. Ne3 Ke6 53. c4
Bxe3 54. Kxe3 dxc4 55. Kd4 c3 56. Kxc3 Kd5 57. Kd3 Kc5 58. Kc3 Kd5 59. Kd3 Kc5
60. Kc3 Kd5 61. Kd3 Kc5 62. Kc3 Kd5 63. Kd3 Kc5 64. Kc3 Kd5 65. Kd3 Kc5 66. Kc3
Kd5 67. Kd3 Kc5 68. Kc3 Kd5 69. Kd3 Kc5 1/2-1/2

[Event "XXX Festival A"]
[Site "Arco ITA"]
[Date "2008.10.19"]
[Round "2"]
[White "Thonig, Manfred"]
[Black "Papa, Angelo"]
[Result "0-1"]
[WhiteElo "1709"]
[BlackElo "1870"]
[PlyCount "82"]
[EventDate "2008.10.18"]

1. f4 g6 2. Nf3 Bg7 3. e3 c5 4. c4 Nc6 5. Nc3 Nf6 6. Bd3 d5 7. cxd5 Nxd5 8. Be4
e6 9. O-O O-O 10. a3 b6 11. Qe2 Bb7 12. Ng5 h6 13. Nh3 Nce7 14. Qf2 Ba6 15. Re1
Rc8 16. Ne2 Nf6 17. Bc2 Qc7 18. Rb1 Rfd8 19. e4 Bb7 20. Ng3 Ng4 21. Qf1 Bd4+
22. Kh1 c4 23. Ne2 Bc5 24. Nc3 Nc6 25. Na4 Be7 26. Nc3 Nd4 27. Bd1 Nf6 28. e5
Nd5 29. Ne4 Bh4 30. g3 Be7 31. Qf2 Bc5 32. Nxc5 Qxc5 33. Bf3 Nxf3 34. Qxf3 Ba8
35. Nf2 Nc3 36. Ne4 Nxb1 37. Re2 Qd4 38. h4 Qd3 39. Qxd3 Rxd3 40. Kh2 Bxe4 41.
Rxe4 Nxd2 0-1

[Event "XXX Festival A"]
[Site "Arco ITA"]
[Date "2008.10.19"]
[Round "2"]
[White "Tratar, Marko"]
[Black "Barlocco, Carlo"]
[Result "1-0"]
[WhiteElo "2507"]
[BlackElo "2144"]
[PlyCount "85"]
[EventDate "2008.10.18"]

1. d4 Nf6 2. Nf3 e6 3. c4 Nc6 4. a3 d6 5. Nc3 g6 6. e4 Bg7 7. h3 O-O 8. Bg5 h6
9. Be3 Nd7 10. g4 e5 11. d5 Nd4 12. Nxd4 exd4 13. Bxd4 Bxd4 14. Qxd4 Nc5 15.
Qe3 Qh4 16. b4 Na6 17. Be2 Bd7 18. Kd2 c6 19. f4 Nc7 20. Kc2 Rfe8 21. Rhg1 b5
22. dxc6 Bxc6 23. cxb5 Nd5 24. Qg3 Qxg3 25. Rxg3 Nxc3 26. Rxc3 Bxe4+ 27. Kd2
Re6 28. Rac1 Rae8 29. Rc8 Bg2 30. Rxe8+ Rxe8 31. h4 Re7 32. Rc8+ Kg7 33. Rd8 d5
34. Rd6 Kf8 35. g5 hxg5 36. hxg5 Rc7 37. Bd3 Ke7 38. Rc6 Rxc6 39. bxc6 Kd6 40.
Bb5 d4 41. Bc4 Be4 42. Bxf7 Kxc6 43. Bc4 1-0

[Event "XXX Festival A"]
[Site "Arco ITA"]
[Date "2008.10.19"]
[Round "2"]
[White "Valenti, Giuseppe"]
[Black "Tomassoni, Leonardo"]
[Result "1-0"]
[WhiteElo "2162"]
[BlackElo "1982"]
[PlyCount "43"]
[EventDate "2008.10.18"]

1. e4 c5 2. Nf3 d6 3. d4 cxd4 4. Nxd4 Nf6 5. Nc3 a6 6. Bg5 e5 7. Bxf6 gxf6 8.
Nf5 Be6 9. Nd5 Nd7 10. Nde3 Nc5 11. c3 Qd7 12. Qc2 h5 13. Be2 Qa4 14. Qxa4+
Nxa4 15. O-O-O O-O-O 16. Kb1 Nb6 17. Rd3 d5 18. Rhd1 Bc5 19. exd5 Bxf5 20. Nxf5
Bxf2 21. Rh3 Nxd5 22. Rxd5 1-0

[Event "XXX Festival A"]
[Site "Arco ITA"]
[Date "2008.10.19"]
[Round "2"]
[White "Vanzan, Alessandro"]
[Black "Cavatorta, Fosco"]
[Result "0-1"]
[WhiteElo "1805"]
[BlackElo "1923"]
[PlyCount "78"]
[EventDate "2008.10.18"]

1. c4 d6 2. Nc3 e5 3. Nf3 f5 4. d3 Nf6 5. Qc2 Be7 6. e3 a5 7. g3 O-O 8. Bg2 Na6
9. O-O Qe8 10. Bd2 Qh5 11. Nd5 Bd8 12. Nxf6+ Rxf6 13. h4 c6 14. Qd1 Nc5 15. Bc3
Bc7 16. Ng5 Qxd1 17. Rfxd1 Na4 18. Rac1 Nxc3 19. Rxc3 h6 20. Nh3 Be6 21. d4
Rff8 22. d5 Bd7 23. Rb3 Rfb8 24. f4 c5 25. fxe5 Ba4 26. e6 Bxb3 27. axb3 b5 28.
Rd2 bxc4 29. bxc4 Rb3 30. Kf2 Rab8 31. Nf4 Rxb2 32. Rxb2 Rxb2+ 33. Kf3 a4 34.
Bh3 a3 35. Bxf5 a2 36. e7 Kf7 37. Ng6 a1=Q 38. Bd7 Rb8 39. Be6+ Kxg6 0-1

[Event "XXX Festival A"]
[Site "Arco ITA"]
[Date "2008.10.19"]
[Round "2"]
[White "Vezzosi, Paolo"]
[Black "Romagnoli, Roberto"]
[Result "1-0"]
[WhiteElo "2337"]
[BlackElo "2080"]
[PlyCount "103"]
[EventDate "2008.10.18"]

1. d4 Nf6 2. c4 g6 3. Nc3 Bg7 4. e4 d6 5. f3 O-O 6. Bg5 Nbd7 7. Nge2 c6 8. Qd2
Qc7 9. Ng3 Re8 10. Be2 a6 11. O-O e6 12. Rad1 Nf8 13. f4 h6 14. Bxf6 Bxf6 15.
e5 Be7 16. Nge4 d5 17. Nf2 Kg7 18. Ng4 Nh7 19. Rf3 Rh8 20. Rc1 Bd7 21. cxd5
exd5 22. Ne3 f5 23. Ncxd5 Qd8 24. Nxe7 Qxe7 25. Bc4 Rad8 26. Nf1 Be6 27. Ne3
Bxc4 28. Nxc4 Qe6 29. b3 Rhg8 30. Qc3 Qd5 31. Rd1 Nf8 32. Nd6 Rd7 33. Qc4 Ne6
34. Kf2 Rf8 35. h4 Rfd8 36. g3 Rxd6 37. exd6 Rxd6 38. Re3 Kf6 39. Qxd5 Rxd5 40.
Re5 Rd6 41. Ke3 c5 42. d5 Nc7 43. Kf3 b6 44. g4 Nb5 45. gxf5 gxf5 46. h5 Nd4+
47. Rxd4 cxd4 48. Ke2 Rd8 49. Kd3 Rg8 50. Re6+ Kf7 51. Rxb6 Rg4 52. Kxd4 1-0

[Event "XXX Festival A"]
[Site "Arco ITA"]
[Date "2008.10.19"]
[Round "2"]
[White "Von Wantoch, Markus"]
[Black "Nicolodi, Raoul"]
[Result "1/2-1/2"]
[WhiteElo "1922"]
[BlackElo "1825"]
[PlyCount "51"]
[EventDate "2008.10.18"]

1. Nc3 Nf6 2. e4 e5 3. Bc4 Bb4 4. Nf3 Nc6 5. O-O O-O 6. d3 d6 7. Nd5 Nxd5 8.
exd5 Nd4 9. Ng5 b5 10. Bb3 Nxb3 11. axb3 h6 12. Ne4 Bb7 13. c4 c6 14. Nc3 bxc4
15. dxc4 cxd5 16. Nxd5 Bxd5 17. Qxd5 Bc5 18. Ra6 Rb8 19. Be3 Qc8 20. Rc6 Qb7
21. Bxc5 dxc5 22. Qxc5 Qxb3 23. Qxa7 Qxb2 24. Rc7 Ra8 25. Qe3 Rac8 26. Re7
1/2-1/2

[Event "XXX Festival A"]
[Site "Arco ITA"]
[Date "2008.10.19"]
[Round "2"]
[White "Vuelban, Virgilio"]
[Black "Bertani, Gianfranco"]
[Result "1-0"]
[WhiteElo "2390"]
[BlackElo "2106"]
[PlyCount "113"]
[EventDate "2008.10.18"]

1. d4 f5 2. Nf3 Nf6 3. g3 e6 4. Bg2 c6 5. O-O d5 6. c4 Be7 7. Nc3 O-O 8. Qb3
Kh8 9. Rd1 Qe8 10. Bf4 Nbd7 11. Ng5 dxc4 12. Qxc4 Nb6 13. Qb3 Nbd5 14. e3 h6
15. Nf3 g5 16. Be5 Kh7 17. Bxf6 Nxf6 18. Ne5 Bd6 19. f4 Nd5 20. Re1 Bxe5 21.
dxe5 gxf4 22. exf4 b6 23. Nxd5 cxd5 24. Rac1 Rf7 25. Qe3 Bb7 26. Re2 Qd7 27.
Rec2 Kg7 28. Kf2 a5 29. Qd3 Qa4 30. b3 Qb4 31. Ke3 a4 32. Qd4 Qxd4+ 33. Kxd4
axb3 34. axb3 Ra3 35. Rc7 Ba6 36. Rxf7+ Kxf7 37. Rc7+ Kf8 38. Ra7 Ra1 39. Bf3
Ra2 40. g4 Rd2+ 41. Ke3 Rd3+ 42. Kf2 Bb5 43. gxf5 exf5 44. e6 Rd2+ 45. Ke1 Rd3
46. e7+ Kf7 47. Bh5+ Kf6 48. Kf2 Rd2+ 49. Kg1 Rd4 50. Rb7 Rxf4 51. Rxb6+ Kxe7
52. Rxb5 Kd6 53. Kg2 Ke5 54. Bf3 Rd4 55. Kg3 Rd3 56. Rxd5+ Rxd5 57. Bxd5 1-0

[Event "XXX Festival A"]
[Site "Arco ITA"]
[Date "2008.10.19"]
[Round "2"]
[White "Zenatto, Giuliano"]
[Black "Del Nevo, Claudio"]
[Result "0-1"]
[WhiteElo "1762"]
[BlackElo "1898"]
[PlyCount "78"]
[EventDate "2008.10.18"]

1. d4 d6 2. c4 Nf6 3. Nc3 g6 4. Nf3 Bg7 5. g3 c6 6. Bg2 O-O 7. O-O Nbd7 8. b3
b6 9. Bb2 Bb7 10. Qc2 Qc7 11. Rac1 Rac8 12. Rfd1 e5 13. dxe5 Nxe5 14. Nxe5 dxe5
15. Rd2 Bh6 16. e3 c5 17. Nb5 Qb8 18. Bxb7 Qxb7 19. Nd6 Qf3 20. Nxc8 Rxc8 21.
Rcd1 Ng4 22. Rd8+ Kg7 23. Bxe5+ Nxe5 24. Rxc8 Qb7 25. Rdd8 Nf3+ 26. Kf1 Nxh2+
27. Ke1 Qh1+ 28. Kd2 Nf3+ 29. Kc3 Bg5 30. Rd6 Kh6 31. Kb2 Be7 32. Rd1 Bf6+ 33.
Kb1 Qh5 34. Rc7 Qe5 35. Rh1+ Kg7 36. Rxh7+ Kxh7 37. Rxf7+ Kh6 38. Kc1 Qa1+ 39.
Qb1 Bb2+ 0-1

[Event "XXX Festival A"]
[Site "Arco ITA"]
[Date "2008.10.19"]
[Round "2"]
[White "Zordan, Diego"]
[Black "Virzi, Ettore"]
[Result "0-1"]
[WhiteElo "1846"]
[BlackElo "1950"]
[PlyCount "62"]
[EventDate "2008.10.18"]

1. d4 Nf6 2. c4 g6 3. Nc3 Bg7 4. e4 d6 5. f4 O-O 6. Nf3 c5 7. d5 e6 8. Bd3 exd5
9. cxd5 Bg4 10. h3 Bxf3 11. Qxf3 Nbd7 12. O-O a6 13. a4 Ne8 14. Be3 Rb8 15. a5
Nc7 16. Rfb1 Re8 17. Bd2 b5 18. axb6 Nxb6 19. Bxa6 Nxa6 20. Rxa6 Nc4 21. Bc1
Bxc3 22. Qxc3 Rxe4 23. Ra4 Nd2 24. Rxe4 Nxe4 25. Qc4 Rb4 26. Qd3 Qb6 27. Kh2
Qb5 28. Qf3 f5 29. g4 Rb3 30. Qg2 Rg3 31. Qc2 Qf1 0-1

[Event "XXX Festival A"]
[Site "Arco ITA"]
[Date "2008.10.19"]
[Round "2"]
[White "Zucchelli, Massimo"]
[Black "Grigore, George-Gabriel"]
[Result "0-1"]
[WhiteElo "2145"]
[BlackElo "2519"]
[PlyCount "82"]
[EventDate "2008.10.18"]

1. d4 Nf6 2. c4 c5 3. d5 e5 4. Nc3 d6 5. e4 Be7 6. Bd3 Nbd7 7. Nge2 O-O 8. f3
Ne8 9. Be3 g6 10. Qd2 a6 11. O-O-O Ndf6 12. g4 Bd7 13. Ng3 Ng7 14. Kb1 Qa5 15.
Rdg1 b5 16. h4 bxc4 17. Bxc4 Rfb8 18. h5 Rb4 19. Qd3 Rab8 20. Rg2 Bb5 21. Bxb5
axb5 22. Nge2 Rd4 23. Bxd4 exd4 24. Nd1 g5 25. h6 Nge8 26. f4 Ra8 27. Nc1 Nd7
28. e5 dxe5 29. Qf5 Qc7 30. fxg5 Nd6 31. Qf1 Qb7 32. Rd2 Bxg5 33. Re2 Qxd5 34.
Rh5 f6 35. b3 c4 36. Qg2 Qxg2 37. Rxg2 e4 38. Ne2 d3 39. Nd4 Re8 40. Rh1 e3 41.
Nf3 e2 0-1

[Event "XXX Festival A"]
[Site "Arco ITA"]
[Date "2008.10.20"]
[Round "3"]
[White "Ager, Josef"]
[Black "Larino Nieto, David"]
[Result "0-1"]
[WhiteElo "2231"]
[BlackElo "2469"]
[PlyCount "86"]
[EventDate "2008.10.18"]

1. Nf3 d5 2. g3 c5 3. Bg2 Nc6 4. d4 e6 5. O-O Nf6 6. c4 dxc4 7. Ne5 Nxe5 8.
dxe5 Qxd1 9. Rxd1 Nd7 10. f4 Rb8 11. a4 g5 12. Na3 gxf4 13. gxf4 f6 14. exf6
Nxf6 15. Nxc4 Rg8 16. Kf1 b6 17. Bc6+ Bd7 18. Rxd7 Nxd7 19. Ne5 Rg7 20. f5 Bd6
21. Nxd7 Rc8 22. Bb5 Kd8 23. fxe6 Ke7 24. Bc4 Rcg8 25. Be3 Bxh2 26. Ra3 Rg4 27.
Bd5 Rb4 28. Nxc5 Rxb2 29. Rb3 Ra2 30. Ne4 Ra1+ 31. Kf2 Bg1+ 32. Kf3 Rf1+ 33.
Nf2 Bxf2 34. Bxf2 Rf8+ 35. Ke3 R1xf2 36. Rc3 Kd6 37. Bb3 Rg2 38. Rd3+ Ke5 39.
Kd2 Rg7 40. a5 bxa5 41. Re3+ Kf6 42. Ba4 h5 43. Bd7 h4 0-1

[Event "XXX Festival A"]
[Site "Arco ITA"]
[Date "2008.10.20"]
[Round "3"]
[White "Antoniacci, Riccardo"]
[Black "Savarese, Vincenzo"]
[Result "1-0"]
[WhiteElo "1893"]
[BlackElo "1821"]
[PlyCount "41"]
[EventDate "2008.10.18"]

1. e4 d5 2. exd5 Qxd5 3. Nc3 Qd6 4. d4 Nf6 5. Nge2 Bg4 6. f3 Bf5 7. Nb5 Qd8 8.
g4 Bg6 9. h4 h5 10. Nf4 e6 11. Nxg6 fxg6 12. Bd3 Kf7 13. g5 Nd5 14. Qe2 c6 15.
Bxg6+ Kxg6 16. Qxe6+ Nf6 17. gxf6 Bb4+ 18. Kf2 Re8 19. Rg1+ Kh7 20. Qf5+ Kh8
21. Qxh5+ 1-0

[Event "XXX Festival A"]
[Site "Arco ITA"]
[Date "2008.10.20"]
[Round "3"]
[White "Arakhamia-Grant, Ketevan"]
[Black "Medancic, Rikard"]
[Result "1-0"]
[WhiteElo "2448"]
[BlackElo "2225"]
[PlyCount "55"]
[EventDate "2008.10.18"]

1. e4 g6 2. d4 Bg7 3. Nc3 d6 4. Be3 a6 5. Qd2 Nd7 6. a4 b6 7. Nf3 e6 8. Bd3 Bb7
9. O-O Ne7 10. Bh6 O-O 11. Rfe1 c5 12. Rad1 cxd4 13. Bxg7 Kxg7 14. Nxd4 Qc7 15.
Bf1 Rfd8 16. Qe3 Nf6 17. Rd2 Rac8 18. h3 h6 19. Red1 Qc5 20. e5 Nfd5 21. Nxd5
Nxd5 22. Qg3 Qb4 23. c4 Rxc4 24. Bxc4 Qxc4 25. exd6 Nf6 26. Qe5 Qxa4 27. Rc1
Qa5 28. Nxe6+ 1-0

[Event "XXX Festival A"]
[Site "Arco ITA"]
[Date "2008.10.20"]
[Round "3"]
[White "Barlocco, Carlo"]
[Black "Orlandi, Stefano"]
[Result "1-0"]
[WhiteElo "2144"]
[BlackElo "1965"]
[PlyCount "37"]
[EventDate "2008.10.18"]

1. d4 f5 2. Nc3 e6 3. e4 fxe4 4. Nxe4 Nf6 5. Bd3 Be7 6. Nf3 O-O 7. O-O Nxe4 8.
Bxe4 d6 9. Re1 Bf6 10. c3 Nc6 11. d5 exd5 12. Qxd5+ Kh8 13. Qh5 g6 14. Bxg6 Qd7
15. Bg5 Ne5 16. Nxe5 Bxe5 17. Rxe5 dxe5 18. Rd1 Qg7 19. Bf6 1-0

[Event "XXX Festival A"]
[Site "Arco ITA"]
[Date "2008.10.20"]
[Round "3"]
[White "Barlotti, Gabriele"]
[Black "Ferrari, Michele"]
[Result "0-1"]
[WhiteElo "1686"]
[BlackElo "1825"]
[PlyCount "36"]
[EventDate "2008.10.18"]

1. d4 d5 2. c4 e6 3. Nc3 f5 4. cxd5 exd5 5. Nf3 c6 6. Bf4 Nf6 7. a3 Be7 8. e3
O-O 9. Bd3 Ne4 10. Nd2 Bd6 11. Bg3 Qf6 12. f3 Nxg3 13. hxg3 Bxg3+ 14. Ke2 h6
15. f4 Qe7 16. Kf1 Qxe3 17. Qe2 Qxf4+ 18. Kg1 Qxd4+ 0-1

[Event "XXX Festival A"]
[Site "Arco ITA"]
[Date "2008.10.20"]
[Round "3"]
[White "Battiston, Claudio"]
[Black "Moratto, Davide"]
[Result "1-0"]
[WhiteElo "2027"]
[BlackElo "1860"]
[PlyCount "109"]
[EventDate "2008.10.18"]

1. e4 c6 2. d3 g6 3. Nf3 d5 4. Nbd2 Bg7 5. g3 Bg4 6. Bg2 dxe4 7. dxe4 Nf6 8. h3
Bxf3 9. Qxf3 Nbd7 10. O-O O-O 11. Nb3 a5 12. a4 Ne5 13. Qe2 Qc7 14. Be3 Rfd8
15. Rfd1 Rd6 16. Rxd6 exd6 17. Rd1 c5 18. Qb5 Ne8 19. c3 Qc6 20. Qxc6 bxc6 21.
Bf1 c4 22. Nd4 Rb8 23. f4 Nd7 24. Nxc6 Rxb2 25. Bxc4 Bxc3 26. Nd8 Kf8 27. Nxf7
Rb4 28. Bd5 Ndf6 29. Ng5 h6 30. Ne6+ Ke7 31. Nd4 Rxa4 32. Bc6 Ra1 33. Rxa1 Bxa1
34. Kf2 h5 35. Kf3 Nd7 36. Ba4 Nc5 37. Nc6+ Kf7 38. Bxc5 dxc5 39. Bb3+ Kf8 40.
Nxa5 Nd6 41. e5 Nf5 42. Bd5 Nd4+ 43. Kf2 Ke7 44. g4 hxg4 45. hxg4 Bc3 46. Nc4
Nb5 47. Kf3 Nd4+ 48. Ke4 Nb5 49. f5 gxf5+ 50. gxf5 Nc7 51. f6+ Kf8 52. Nb6 Nxd5
53. Kxd5 Kf7 54. Nd7 c4 55. e6+ 1-0

[Event "XXX Festival A"]
[Site "Arco ITA"]
[Date "2008.10.20"]
[Round "3"]
[White "Bernardi, Ruben"]
[Black "Casagrande, Fabio"]
[Result "1-0"]
[WhiteElo "2154"]
[BlackElo "2017"]
[PlyCount "71"]
[EventDate "2008.10.18"]

1. e4 e6 2. d3 d5 3. Nd2 Nf6 4. g3 b6 5. Bg2 Bb7 6. Ngf3 dxe4 7. Ng5 Nc6 8.
Ngxe4 Qd7 9. Nxf6+ gxf6 10. Ne4 Be7 11. Qh5 O-O-O 12. O-O Nd4 13. Bf4 f5 14.
Nc3 Bxg2 15. Kxg2 f6 16. Qd1 e5 17. Be3 Qc6+ 18. f3 h5 19. Bxd4 Rxd4 20. Qe2 h4
21. a4 hxg3 22. hxg3 Rg8 23. Nb5 Qc5 24. Nxd4 Qxd4 25. Rh1 f4 26. Rh3 Rxg3+ 27.
Rxg3 fxg3 28. c3 Qf4 29. Rh1 f5 30. Rh3 Bd6 31. Rxg3 Qxa4 32. Rh3 Qf4 33. b4
Qc1 34. Qa2 Qg5+ 35. Rg3 Qd8 36. Rg8 1-0

[Event "XXX Festival A"]
[Site "Arco ITA"]
[Date "2008.10.20"]
[Round "3"]
[White "Bertani, Gianfranco"]
[Black "Cottarelli, Franco"]
[Result "1-0"]
[WhiteElo "2106"]
[BlackElo "1899"]
[PlyCount "45"]
[EventDate "2008.10.18"]

1. Nf3 f5 2. d4 Nf6 3. Nc3 g6 4. Bg5 Bg7 5. e3 O-O 6. Bc4+ e6 7. Qe2 a5 8.
O-O-O d5 9. Bd3 Na6 10. h4 h6 11. Bf4 Ne4 12. Ne5 Nxc3 13. bxc3 Kh7 14. g4 c5
15. Bxa6 Rxa6 16. Rdg1 Qe7 17. h5 cxd4 18. hxg6+ Kg8 19. exd4 Qa3+ 20. Kd2 Bxe5
21. Qxe5 Rc6 22. Rg3 fxg4 23. Rxh6 1-0

[Event "XXX Festival A"]
[Site "Arco ITA"]
[Date "2008.10.20"]
[Round "3"]
[White "Blasco, Domenico"]
[Black "Drazic, Sinisa"]
[Result "0-1"]
[WhiteElo "2022"]
[BlackElo "2528"]
[PlyCount "86"]
[EventDate "2008.10.18"]

1. d4 e6 2. Nf3 c5 3. e3 Nf6 4. Bd3 b6 5. Nbd2 Bb7 6. O-O Nc6 7. c3 Qc7 8. a3
d5 9. b4 c4 10. Bc2 Bd6 11. e4 dxe4 12. Nxe4 Nxe4 13. Bxe4 Ne7 14. Bxb7 Qxb7
15. Qe2 Nd5 16. Bd2 Qc7 17. Rfe1 O-O 18. Qe4 b5 19. g3 h6 20. Nh4 Rfe8 21. f4
a5 22. Nf3 Qc6 23. Ne5 Bxe5 24. fxe5 axb4 25. axb4 Rxa1 26. Rxa1 Ra8 27. Qb1
Nb6 28. Rxa8+ Qxa8 29. Kf2 Nd5 30. Qb2 f6 31. exf6 Nxf6 32. Kg1 Qf3 33. Be1 Ne4
34. Qg2 Qe3+ 35. Kf1 h5 36. Qe2 Qd3 37. Bf2 Qxe2+ 38. Kxe2 Nxc3+ 39. Kf3 Na2
40. Be1 c3 41. Ke4 c2 42. Bd2 Nxb4 43. Ke5 Kf7 0-1

[Event "XXX Festival A"]
[Site "Arco ITA"]
[Date "2008.10.20"]
[Round "3"]
[White "Bonini, Roberto"]
[Black "Kofler, Albin"]
[Result "0-1"]
[WhiteElo "1843"]
[BlackElo "1724"]
[PlyCount "108"]
[EventDate "2008.10.18"]

1. e4 c6 2. d4 d5 3. Nc3 dxe4 4. Nxe4 Bf5 5. Ng3 Bg6 6. Nf3 h6 7. Bd3 Bxd3 8.
Qxd3 Nf6 9. O-O e6 10. c3 Be7 11. h3 Nbd7 12. Re1 O-O 13. Be3 Qc7 14. Rad1 Rad8
15. Qc2 Rfe8 16. Qc1 c5 17. Ne2 cxd4 18. Nfxd4 Nd5 19. Bd2 Ne5 20. Nf4 Nc4 21.
Nxd5 Rxd5 22. Be3 Nxe3 23. Qxe3 Bg5 24. Qe2 Red8 25. Nf3 Bf6 26. Rd2 Rxd2 27.
Nxd2 Rd5 28. Ne4 Be7 29. Rd1 Qd7 30. Rd2 Rxd2 31. Nxd2 b5 32. Ne4 Qd5 33. b3 f5
34. Ng3 g6 35. c4 bxc4 36. bxc4 Qc6 37. Nf1 Kf7 38. Nd2 Bc5 39. Nb3 Qd6 40.
Nxc5 Qxc5 41. Qc2 e5 42. Kf1 Ke6 43. Ke2 g5 44. g4 e4 45. Qc3 f4 46. a3 Qe5 47.
Qb3 f3+ 48. Ke3 Qf4+ 49. Kd4 e3+ 50. Kc3 e2 51. c5+ Kf6 52. Qb1 Qe5+ 53. Kd2
Qd4+ 54. Ke1 Qc3# 0-1

[Event "XXX Festival A"]
[Site "Arco ITA"]
[Date "2008.10.20"]
[Round "3"]
[White "Bortolotti, Silvano"]
[Black "Von Wantoch, Markus"]
[Result "1/2-1/2"]
[WhiteElo "1826"]
[BlackElo "1922"]
[PlyCount "35"]
[EventDate "2008.10.18"]

1. e4 d5 2. exd5 Nf6 3. Nc3 Nxd5 4. Nxd5 Qxd5 5. Qf3 Qe5+ 6. Be2 Nc6 7. c3 Qd6
8. d4 Be6 9. Bf4 Qd7 10. Qe3 Bg4 11. Nf3 e6 12. O-O O-O-O 13. h3 Bxf3 14. Bxf3
Bd6 15. Rfd1 Rhe8 16. Bxd6 Qxd6 17. Bxc6 Qxc6 18. Qd3 1/2-1/2

[Event "XXX Festival A"]
[Site "Arco ITA"]
[Date "2008.10.20"]
[Round "3"]
[White "Buck, Klaus-Michael"]
[Black "Cavatorta, Ivan"]
[Result "1-0"]
[WhiteElo "1804"]
[BlackElo "1868"]
[PlyCount "127"]
[EventDate "2008.10.18"]

1. b4 e5 2. a3 d5 3. Bb2 Bd6 4. e3 Nf6 5. c4 c6 6. Qb3 Be6 7. Nf3 dxc4 8. Bxc4
Bxc4 9. Qxc4 Qe7 10. Nc3 a6 11. Ne4 Nxe4 12. Qxe4 Nd7 13. Qh4 a5 14. Qxe7+ Kxe7
15. bxa5 Rxa5 16. O-O Rha8 17. Rab1 b5 18. Rfc1 Bxa3 19. Bxa3+ Rxa3 20. Rxc6 b4
21. d4 b3 22. Rcc1 exd4 23. Nxd4 Ne5 24. Rxb3 Nd3 25. Rxa3 Rxa3 26. Rf1 Ra2 27.
g3 h5 28. Nb3 Rc2 29. Nd4 Rb2 30. h4 g6 31. Kg2 Ne5 32. Nf3 Ng4 33. Kg1 Rb3 34.
Ng5 Kf6 35. Nh3 Kf5 36. Ra1 Rb4 37. Ra5+ Ke4 38. Ng5+ Kd3 39. Ra3+ Ke2 40. Ra2+
Kd3 41. Nxf7 Ke4 42. Kg2 Kd3 43. Ng5 Rb6 44. Ra3+ Ke2 45. Nh3 Rb2 46. Nf4+ Kd1
47. Ra1+ Kd2 48. Nxg6 Kc3 49. Rc1+ Kb3 50. Kg1 Rxf2 51. Ne5 Nxe5 52. Kxf2 Nd3+
53. Kf3 Nxc1 54. Kf4 Ne2+ 55. Kf3 Nc3 56. g4 hxg4+ 57. Kxg4 Kc4 58. h5 Kd5 59.
Kf5 Ne4 60. h6 Nd6+ 61. Kg6 Nc8 62. Kf6 Nd6 63. h7 Ne8+ 64. Kg6 1-0

[Event "XXX Festival A"]
[Site "Arco ITA"]
[Date "2008.10.20"]
[Round "3"]
[White "Buglisi, Massimo"]
[Black "De Polzer, Manfredi"]
[Result "0-1"]
[WhiteElo "1969"]
[BlackElo "1726"]
[PlyCount "118"]
[EventDate "2008.10.18"]

1. d4 d5 2. c4 c6 3. Nc3 Bf5 4. cxd5 cxd5 5. Qb3 Qd7 6. Qxd5 Nf6 7. Qxd7+ Bxd7
8. e4 e6 9. Nf3 Bb4 10. Bd3 Bc6 11. e5 Ne4 12. Bd2 Nxd2 13. Nxd2 O-O 14. O-O
Rd8 15. Nb3 Nd7 16. Bb5 Rac8 17. Bxc6 Rxc6 18. Rac1 Rdc8 19. Ne4 Nb6 20. Nbc5
Bxc5 21. dxc5 Nd5 22. Nd6 R8c7 23. Nb5 Rd7 24. Nxa7 Ra6 25. c6 bxc6 26. Nxc6
Ra8 27. a3 g6 28. Nd4 Nf4 29. Nb5 Ne2+ 30. Kh1 Nxc1 31. Rxc1 Rb7 32. Rc5 Ra5
33. Rc8+ Kg7 34. Nd6 Rxb2 35. g4 Rxe5 36. h4 Rxf2 37. Kg1 Ra2 38. Rc1 Ree2 39.
g5 Rxa3 40. Rf1 Ra6 41. Ne8+ Kf8 42. Nf6 e5 43. Nxh7+ Kg7 44. Nf6 Re6 45. Ra1
e4 46. Ra8 Rxf6 47. gxf6+ Kxf6 48. Ra5 Rd2 49. h5 gxh5 50. Rxh5 Ke6 51. Kf1 f5
52. Ke1 e3 53. Rh8 Ke5 54. Re8+ Kf4 55. Rh8 Kf3 56. Rh3+ Ke4 57. Rh8 f4 58.
Re8+ Kf3 59. Rh8 Ra2 0-1

[Event "XXX Festival A"]
[Site "Arco ITA"]
[Date "2008.10.20"]
[Round "3"]
[White "Buratti, Marco"]
[Black "Ludovici, Roberto"]
[Result "1-0"]
[WhiteElo "2017"]
[BlackElo "1843"]
[PlyCount "57"]
[EventDate "2008.10.18"]

1. e4 c5 2. Nc3 e6 3. g3 d5 4. d3 d4 5. Nb1 e5 6. f4 Nc6 7. Nf3 exf4 8. Bxf4
Nf6 9. Bg2 Be7 10. O-O Nh5 11. Bc1 Nf6 12. a4 Bg4 13. h3 Be6 14. Ng5 Bc8 15.
Na3 h6 16. Nxf7 Kxf7 17. e5 Nxe5 18. Qh5+ g6 19. Qxe5 Qd6 20. Qe1 Kg7 21. Bf4
Qd8 22. Nb5 a6 23. Nc7 Ra7 24. Qe5 g5 25. Bxg5 hxg5 26. Qxg5+ Kf8 27. Rxf6+
Bxf6 28. Rf1 Qxc7 29. Qxf6+ 1-0

[Event "XXX Festival A"]
[Site "Arco ITA"]
[Date "2008.10.20"]
[Round "3"]
[White "Caldara, Sisto"]
[Black "Tomasi, Diego"]
[Result "0-1"]
[WhiteElo "1868"]
[BlackElo "2002"]
[PlyCount "76"]
[EventDate "2008.10.18"]

1. d4 d5 2. c4 c6 3. e3 Bf5 4. Nf3 e6 5. Qb3 Qb6 6. Nc3 Na6 7. Bd2 Qxb3 8. axb3
Nb4 9. Ra4 Nd3+ 10. Bxd3 Bxd3 11. Kd1 Nf6 12. Ne5 Bf5 13. c5 Nd7 14. f4 f6 15.
Nf3 Be7 16. Ke2 O-O 17. Rha1 a6 18. b4 Rae8 19. h3 e5 20. Kf2 exf4 21. exf4 Be4
22. Nh2 f5 23. Rg1 Kh8 24. Raa1 Nf6 25. Raf1 Bd3 26. Rd1 Ne4+ 27. Ke3 Nxc3 28.
bxc3 Bc2 29. Rc1 Bh4+ 30. Kf3 Be4+ 31. Ke2 Bxg2+ 32. Kd1 Be4 33. c4 Bf2 34. Rf1
Bxd4 35. Nf3 Bb2 36. Ne5 Bxc1 37. Kxc1 dxc4 38. Nxc4 Bd3 0-1

[Event "XXX Festival A"]
[Site "Arco ITA"]
[Date "2008.10.20"]
[Round "3"]
[White "Cardili, Mariano"]
[Black "Bondielli, Giorgio"]
[Result "1-0"]
[WhiteElo "2123"]
[BlackElo "1954"]
[PlyCount "80"]
[EventDate "2008.10.18"]

1. d4 f5 2. c4 Nf6 3. g3 g6 4. Bg2 Bg7 5. Nf3 d6 6. Nc3 a5 7. O-O O-O 8. Re1
Na6 9. Qc2 c6 10. d5 e5 11. dxe6 Bxe6 12. Bf4 Nh5 13. b3 Nxf4 14. gxf4 Nc5 15.
Rad1 Qc7 16. e3 Rad8 17. Ng5 Bc8 18. a3 Qb6 19. Rb1 Ne6 20. Nf3 Qc5 21. Red1
Qxa3 22. Ne2 Qc5 23. Nfd4 Nxd4 24. Nxd4 Rfe8 25. Ra1 d5 26. Qd2 dxc4 27. Rxa5
b5 28. bxc4 Bxd4 29. exd4 Qxc4 30. Ra7 Rd7 31. Rxd7 Bxd7 32. d5 Qc5 33. dxc6
Be6 34. Re1 Kf7 35. Rxe6 Rxe6 36. Bd5 Qd6 37. Qa2 Kf6 38. Qb2+ Ke7 39. Qg7+ Kd8
40. c7+ Qxc7 1-0